=LDR 00000nam 2200000 4500 =001 INLIS000000000001941 =005 20130612090323 =008 ***********************************Ind** =035 ##$$0010-061300000001941 =041 ##$$a Ind =082 ##$$a 611.83 =090 ##$$a 611.83, Sub n =100 ##$$a Subowo =245 ##$$a Neurobiologi, Subowo =260 ##$$a 1993 $b Jakarta =300 ##$$a xv,205 hlm, ilus, 21 cm =650 ##$$a Neurobiologi =850 ##$$a NBPNMAT